000 01186cam a2200325 a 4500
001 31333
005 20230404125807.0
008 980611s2000 mau b 000 0 eng
035 _9(DLC) 98072005
035 _a145710
925 0 _aacquire
_b1 shelf copy
_xpolicy default
942 _2lcc
_cbk
010 _a98072005
020 _a0395903440 (pbk.)
040 _aDLC
_cDLC
_dDLC
043 _an-us---
050 1 4 _a002 E 208
_bM234 2000
245 0 0 _aMajor problems in the era of the American Revolution, 1760-1791 :
_bdocuments and essays /
_cedited by Richard D. Brown.
250 _a2a ed.
260 _aBoston :
_bHoughton Mifflin,
_cc2000.
300 _axv, 522 p. ;
_c24 cm.
440 0 _aMajor problems in American history series
504 _aIncludes bibliographical references.
651 0 _aUnited States
_xHistory
_yRevolution, 1775-1783.
651 0 _aUnited States
_xHistory
_yRevolution, 1775-1783
_vSources.
651 0 _aUnited States
_xHistory
_yConfederation, 1783-1789.
651 0 _aUnited States
_xHistory
_yConfederation, 1783-1789
_vSources.
700 1 _aBrown, Richard D.
856 4 2 _3Book review (H-Net)
_uhttp://www.h-net.org/review/hrev-a0c2q3-aa
999 _c4849
_d4849